000 00669nam a2200181Ia 4500
008 100920s9999 xx 000 0 und d
082 _b65496
_a891.43 थ 94
100 _aअग्रवाल विजय.
245 _aअपनी हिंदी सुधारें.
260 _bसूचना और प्रसारण मन्त्रालय, भारत सरकार.
_c1994
300 _a208
_bसाधी
365 _b55
520 _aहिंदी.
630 _aअपनी हिंदी सुधारें.
650 _aहिंदी.
730 _aअपनी हिंदी सुधारें.
942 _cBOOK
999 _c708254
_d708251